Les films d'Emma Mackey - Statistiques

Statistiques générales
  • Ce quiz a été pris 19 fois
  • Le résultat moyen est 4 sur 8
Statistiques - réponses
Par images Réponse % Correct
Barbie
100%
Sex Education
93%
Eiffel
67%
Mort sur le Nil
53%
Emily
47%
The Winter Lake
27%
Ella McCay
13%
Tic
13%
Aucun quiz correspondant
Distribution des résultats
% des personnes avec chaque résultat
Percentile par nombre de réponses
Votre historique - résultats
Vous n’avez pas pris ce quiz